| 000 | 01174nam a22003617a 4500 | ||
|---|---|---|---|
| 001 | 207 | ||
| 003 | FISKH | ||
| 005 | 20230306082603.0 | ||
| 008 | 230306b cb ||||| |||| 00| 0 eng d | ||
| 040 |
_aKyHeCLD _cKyHeCLD _dDLC _dFISKH _beng |
||
| 050 | 0 | 0 |
_aPZ7.Z715 _bPo 1997 |
| 082 | 0 | 0 |
_a813.54 _221 |
| 100 | 1 | _aZoehfeld, Kathleen Weidner. | |
| 245 | 1 | 0 |
_aPooh's neighborhood / _cKathleen W. Zoehfeld ; illustrated by Robbin Cuddy. |
| 250 | _a1st ed. | ||
| 260 |
_aNew York : _bDisney Press, _cc1997. |
||
| 300 |
_a16 leaves of plates _bcol. ill. ; _c20 cm. |
||
| 490 | 1 | _aDisney's my very first Winnie the Pooh | |
| 500 | _a"Based on the Pooh Stories by A.A. Milne"--Verso of T.p. | ||
| 500 | _aAcquisitions date: 5 APR 1997 | ||
| 505 | _aM | ||
| 521 | 8 |
_a650
_bLexile |
|
| 521 | 8 |
_aM _bRaz-Plus |
|
| 650 | 1 |
_aNeighborliness _vFiction. |
|
| 650 | 1 |
_aNeighborhoods _vFiction. |
|
| 650 | 1 |
_aTeddy bears _vFiction. |
|
| 650 | 1 |
_aToys _vFiction. |
|
| 700 | 1 |
_aCuddy, Robbin, _eill. |
|
| 700 | 1 |
_aMilne, A. A. _q(Alan Alexander), _d1882-1956. |
|
| 830 | 0 | _aMy very first Winnie the Pooh. | |
| 906 |
_a7 _bcbc _ccopycat _d2 _eopcn _f19 _gy-gencatlg |
||
| 942 |
_2ddc _cBK _n0 |
||
| 999 |
_c207 _d207 |
||